<?xml version="1.0" encoding="UTF-8"?>
<collection xmlns="http://www.loc.gov/MARC21/slim">
 <record>
  <leader>01213nam a22002057a 4500</leader>
  <controlfield tag="001">NCT_4_018433</controlfield>
  <controlfield tag="008">250510b        xxu||||| |||| 00| 0 vie d</controlfield>
  <datafield tag="999" ind1=" " ind2=" ">
   <subfield code="c">8889</subfield>
   <subfield code="d">8889</subfield>
  </datafield>
  <datafield tag="020" ind1=" " ind2=" ">
   <subfield code="a">9786049971204</subfield>
   <subfield code="c">168000</subfield>
  </datafield>
  <datafield tag="082" ind1="0" ind2="4">
   <subfield code="2">23rd ed.</subfield>
   <subfield code="a">658.3</subfield>
   <subfield code="b">S947</subfield>
  </datafield>
  <datafield tag="100" ind1="1" ind2=" ">
   <subfield code="a">Sugiura, Masakazu</subfield>
  </datafield>
  <datafield tag="245" ind1="1" ind2="0">
   <subfield code="a">Phong cách quản lý và giữ chân nhân tài của người Nhật</subfield>
   <subfield code="c">Masakazu Sugiura ; Yoko (Dịch)</subfield>
  </datafield>
  <datafield tag="260" ind1=" " ind2=" ">
   <subfield code="a">H.</subfield>
   <subfield code="b">Lao động</subfield>
   <subfield code="c">2020</subfield>
  </datafield>
  <datafield tag="300" ind1=" " ind2=" ">
   <subfield code="a">482 tr.</subfield>
   <subfield code="b">Minh họa</subfield>
   <subfield code="c">21cm</subfield>
  </datafield>
  <datafield tag="520" ind1="3" ind2=" ">
   <subfield code="a">Trình bày các lý thuyết cơ bản về lãnh đạo, vai trò của lãnh đạo, phong cách lãnh đạo... Đúc kết những bí quyết lãnh đạo dựa trên thực tiễn: hiểu về giá trị con người, lý giải về tổ chức, năm bắt phương hướng, truyền đạt ý tưởng, phát triển nguồn nhân lực...</subfield>
  </datafield>
  <datafield tag="653" ind1=" " ind2=" ">
   <subfield code="a">Quản trị kinh doanh</subfield>
  </datafield>
  <datafield tag="700" ind1="1" ind2=" ">
   <subfield code="a">Yoko</subfield>
   <subfield code="e">Dịch</subfield>
  </datafield>
  <datafield tag="942" ind1=" " ind2=" ">
   <subfield code="2">ddc</subfield>
   <subfield code="c">BK</subfield>
  </datafield>
  <datafield tag="952" ind1=" " ind2=" ">
   <subfield code="0">0</subfield>
   <subfield code="1">0</subfield>
   <subfield code="2">ddc</subfield>
   <subfield code="4">0</subfield>
   <subfield code="6">658_300000000000000_S947</subfield>
   <subfield code="7">0</subfield>
   <subfield code="9">30558</subfield>
   <subfield code="a">000001</subfield>
   <subfield code="b">000001</subfield>
   <subfield code="d">2025-05-10</subfield>
   <subfield code="o">658.3 S947</subfield>
   <subfield code="p">MD.23855</subfield>
   <subfield code="r">2025-05-10</subfield>
   <subfield code="v">168000.00</subfield>
   <subfield code="w">2025-05-10</subfield>
   <subfield code="y">BK</subfield>
  </datafield>
  <datafield tag="980" ind1=" " ind2=" ">
   <subfield code="a">Thư viện Trường Đại học Nam Cần Thơ</subfield>
  </datafield>
 </record>
</collection>
